Loading...
Stories - 1904-1924
| Main Author: | |
|---|---|
| Format: | Printed Book |
| Published: |
London
Abacus
1998
|
| Edition: | 1st ed. |
| Subjects: |
| LEADER | 00447cam a2200157ua 4500 | ||
|---|---|---|---|
| 020 | |a 0349106592 | ||
| 082 | |a 833.912 |b KAF/S | ||
| 100 | |a Kafka, Franz | ||
| 245 | 0 | 0 | |a Stories - 1904-1924 |
| 250 | |a 1st ed. | ||
| 260 | |a London |b Abacus |c 1998 | ||
| 300 | |a 271p. | ||
| 650 | 0 | |a German literature- Fiction | |
| 942 | |c BK | ||
| 999 | |c 1521 |d 1521 | ||
| 952 | |0 0 |1 0 |4 0 |6 833_912000000000000_KAFS |7 0 |9 1581 |a KUCL |b KUCL |d 2014-05-23 |l 0 |o 833.912 KAF/S |p 04638 |r 2014-05-23 |y BK | ||